01279nam a2200313Ia 450000500170000000800410001702000180005808200170007624501090009325000180020230000730022049000130029350000270030650502120033365000290054565000280057465000340060265000340063665000370067070000320070770000460073994200120078526400300079733600270082733700330085433800280088704000350091599900150095020220317001403.0161108s2000 sp a g 000 0 spa  a978848063436604a371.337bJ8310aJugar y aprenderbtalleres y experiencias en educación infantilcRosi Vélez Valero... [y otros tres] a3a. edición a148 páginasbilustraciones, fotografías en blanco y negroc23 cm aRecursos aIncluye bibliografía aImportancia y concepción actual de la educación infantil ; Cómo son los niños y niñas de 0 a 6 años ; Cómo los enseñamos?: talleres y experiencias ; Talleres en colaboración con la familia.142LEMBaJuegos educativos 142LEMBaAptitud creadora 142LEMBaEducación de niños 142LEMBaEducación preescolar 142LEMB aMétodos de enseñanza 1 aVélez Valero, Rosi9719481 aMartínez Sagredo, Francisco Juan971949 2ddccBK aBarcelonabOctaedroc2000 atextobtxt2rdacontent asin mediaciónbn2rdamedia avolumenbnc2rdacarrier aCO-BoRNBPbspaerdacCO-BoRNBP c6813d6813